| 000 | 01239naa a22003377a 4500 | ||
|---|---|---|---|
| 001 | BR6010208 | ||
| 003 | BR-BrBNA | ||
| 005 | 20240918173155.0 | ||
| 007 | ta | ||
| 008 | 230509b bl.||||| |||| 00| 0 por d | ||
| 040 |
_aBR-BrBNA _bpor _cBiblioteca Nacional de Agricultura |
||
| 041 | _a(Pt) | ||
| 072 |
_aF25 _b0180 _b3810 _b3820 _b3830 _bG514 |
||
| 090 | _aF25 BR6010208 | ||
| 100 | 1 | _aTorres, C.B. | |
| 111 | 1 |
_a5. Congresso Brasileiro de Ciencia do Solo _cPelotas, RS (Brazil) _d4 Jul 1955 |
|
| 245 | 1 | _aAdubacao do trigo no Rio Grande do Sul. Resultados preliminares [Triticum aestivum; NPK; Brasil] | |
| 260 | 3 |
_aRio de Janeiro, GB (Brasil): _c1959. |
|
| 500 | _aAnais do 5. Congresso Brasileiro de Ciencia do Solo Rio de Janeiro, GB (Brasil): 1959. p. 296-304 (BR6010208-AM)F25 | ||
| 650 | _aFertilidade do solo | ||
| 650 | _aTrigo | ||
| 650 | _aFertilizante nitrogenado | ||
| 650 | _aFertilizante fosfatado | ||
| 650 | _aFertilizante potassico | ||
| 650 | _aNPK | ||
| 650 | _aAdubacao | ||
| 650 | _aRio Grande do Sul | ||
| 773 | 0 |
_tAnais do 5. Congresso Brasileiro de Ciencia do Solo _wF25 BR6010208 _gRio de Janeiro, GB (Brasil), 1959. p. 296-304 |
|
| 909 |
_a202404 _bLucia _c55 _dLucia Elande |
||
| 942 |
_cAM _2AGRIS |
||
| 999 |
_c303289 _d303289 |
||